දැල්වූ පහන් /

Dalwu pahan
Saved in:
Bibliographic Details
Main Author: සෙනවිරත්න, ජයන්ත
Format: Book
Published: කොළඹ : ඇස්. ගොඩගේ, 2025.
Subjects:
Tags: Add Tag
No Tags, Be the first to tag this record!

MARC

LEADER 00000nam a2200000 4500
003 LK-CoNLD
005 20260217110742.0
008 260123b |||||||| |||| 00| 0 ||| d
015 |2 slnb  |a slnb202512 
017 |a 506138  |b LK-CoDNA 
020 |a 9786240029537 
040 |a LK-CoNLD  |b SIN  |c LK-CoNLD  |d LK-CoNLD 
082 |2 23  |q LK-CoNLD  |a 891.483 
100 |a සෙනවිරත්න, ජයන්ත  |9 92154 
245 |a දැල්වූ පහන් /  |c ජයන්ත සෙනවිරත්න. 
260 |a කොළඹ :  |b ඇස්. ගොඩගේ,  |c 2025. 
300 |a පි. 200 ;  |c සෙමී. 22.  |b මැබැ-බෝක : රු. 1100.00 
650 0 |a සිංහල ප්‍රබන්ධ  |9 814 
650 0 |a Sinhalese fiction  |9 815 
880 |6 245-1  |a Dalwu pahan 
942 |c BOOK 
945 |a 20907  |b Asoka NANAYAKKARA  |c 13  |d Ruwanthi NILMINI 
999 |c 296950  |d 296950